1820 1126 1038 1996 1770 1736 1920 1420 1902 1947 1876 1253 1421 1851 1636 1143 1520 1955 1934 1447 1817 1103 1027 1948 1640 1367 1385 1849 1494 1338 1822 1585 1752 1900 1491 1390 1529 1044 1016 1486 1886 1171 1473 1076 1720 1096 1897 1883 1221 1334 1130 1019 1216 1216 1055 1889 1557 1211 1080 1997 1703 1342 1774 1247 1007 1708 1305 1797 1791 1754 1717 1787 1702 1303 1285 1582 1392 1587 1148 1161 1416 1293 1596 1241 1104 1233 1637 1093 1017 1121 1697 1290 1627 1255 1712 1933 1286 1848 1316 BCNSPRNW ULIB Ver.6.0+V

เปลี่ยนเป็นภาษาไทย

Change to English
 แสดงรายละเอียดบรรณานุกรม
  กลับหน้าหลัก

Brief Record : Get Marc (ISO 2709) : E-mail record : QR code < ปิดหน้าต่าง
LEADER : 00000nam 2200000uu 4500
001    13399124784
003     ULIB
008    160323s2013||||th 000 0 eng d
020    ^a9781449645755
060    ^aWQ165^bT367c
100 0  ^aTharpe, Nell L.
245 00 ^aClinical Practice Guidelines for Midwifery & Women s Health /^b[edited by]Tharpe, Nell L.
250    ^a4th ed.
260    ^aU.S.A :^bJones & Bartiett Learning,^c2013
300    ^a622 p.
650  0 ^aMidwifery-methods-Practice Guideline 0^aGenital Diseases, Female-Practice Guideline 0^aPregnancy Complications-Practce Guideline 0^a
945    ^p4320^l0^i000333
999    ^aเกษร โพธิ์สุวรรณ
รายการนี้ยังไม่มีแท็ก
คุณยังไม่ได้ล็อกอิน คุณสามารถมีกิจกรรมร่วมกับเว็บไซต์ได้ แต่ต้องล็อกอินก่อน ::
  ล็อกอิน

รายการสื่อสารสนเทศ

ลำดับที่ ประเภท เลขเรียก/บาร์โค้ด สถานที่ สถานะ
1. วิทยาศาสตร์การแพทย์ และสุขภาพ
วิทยาศาสตร์การแพทย์ และสุขภาพ
WQ165 T367c ฉ.1 
  Barcode: 000333
ห้องสมุดวิทยาเขตสวรรค์ประชารักษ์
►หนังสือทั่วไป
บนชั้น

BibComment


ยังไม่เคยถูกคอมเมนท์

คอมเมนท์ทรัพยากรรายการนี้
  คอมเมนท์: Clinical Practic..


 Copyright 2026. Bcnsprnw @Library